Plantes vertes et fleuries d'extérieur #1 - Statistiques

Statistiques générales
  • Ce quiz a été pris 39 fois
  • Le résultat moyen est 33 sur 74
Statistiques - réponses
Par images Réponse % Correct
Olivier
92%
Persil
85%
Citronnier
81%
Romarin
77%
Lavande
73%
Jasmin
69%
Thym
69%
Rosier
65%
Dipladenia
62%
Pâquerette
62%
Passiflore
62%
Pensée
62%
Pétunia
62%
Bougainvillée
58%
Campanule
58%
Pommier d'amour
58%
Géranium lierre
54%
Laurier rose
54%
Verveine
54%
Agave
50%
Hellebore
50%
Myrte
50%
Œillet d'Inde
50%
Palmier des canaries
50%
Piment
50%
Rose d'Inde
50%
Viola cornuta
50%
Anthémis
46%
Basilic
46%
Calamondin
46%
Campanule des Carpates
46%
Lavande papillon
46%
Menthe
46%
Olea europea
46%
Sedum
46%
Yucca
46%
Aucuba
42%
Bellis perennis
42%
Cinéraire maritime
42%
Fuchsia
42%
Fuchsia hybride
42%
Fusain
42%
Rosa hybride
42%
Chamaerops
38%
Chrysanthème
38%
Petite pensée
38%
Primevère acaule
38%
Solanum pseudocapsicum
38%
Véronique arbustive
38%
Bougainvillea glabra
35%
Capsicum annuum
35%
Cinéraire
35%
Fusain rampant
35%
Helleborus Niger
35%
Petunia hybride
35%
Primevère obconique
35%
Primula acaulis
35%
Rose de Noël
35%
Viola hybride
35%
Bégonia à massif
31%
Chrysanthemum hybride
31%
Géranium zonale
31%
Nerium oleander
31%
Sauge
31%
Skimmia
31%
Bégonia tubéreux
27%
Cineraria maritima
27%
Dhalia
27%
Euonymus fortunei
27%
Senecio cruentus
27%
Jasminum polyanthum
23%
Pelargonium peltatum
23%
Buis
19%
Impatiens à massif
19%
Aucun quiz correspondant
Distribution des résultats
% des personnes avec chaque résultat
Percentile par nombre de réponses
Votre historique - résultats
Vous n’avez pas pris ce quiz